000
00343nam a2200157Ia 4500
003
OSt
005
20231226043400.0
008
170524s9999 xx 000 0 und d
020
_a
9780195219173
040
_c
IIMTU
100
_a
Lathi
245
0
_a
Signal Processing & Linear System
260
_b
Oxford
260
_c
2008
942
_2
ddc
_c
02
999
_c
4933
_d
4933